Same Name Slideshow III Quiz Stats

 Plays Quiz Updated Jan 15, 2016

Challenge
Share
Tweet
Score 0/18 Timer 04:00
3 Plays Today
% Correct
Harry: Potter (Harry Potter series) and Houdini
97.5%
Ellen: Ripley (Alien) and DeGeneres
96.7%
Babe: (Babe) and Ruth
95.8%
Bruce: Wayne (The Dark Knight) and Willis
95.6%
Jack: Skellington (The Nightmare Before Christmas) and Nicholson
93.8%
Robin: of Locksley (Robin Hood: Prince of Thieves) and Williams
93.6%
Cher: Horowitz (Clueless) and the singer/actress born Cherilyn Sarkisian
92.2%
John: Rambo (Rambo: First Blood Part II) and Lennon
91.8%
Napoleon: Dynamite (Napoleon Dynamite) and Bonaparte
91.8%
% Correct
Roger: Rabbit (Who Framed Roger Rabbit) and Federer
90.9%
Sarah: Connor (Terminator 2: Judgment Day) and Palin
89.9%
Conan: (Conan the Barbarian) and O'Brien
89%
Cameron: Frye (Ferris Bueller's Day Off) and Diaz
87%
Jerry: Maguire (Jerry Maguire) and Seinfeld
85.9%
Jason: Bourne (The Bourne Identity) and Statham
83.2%
Ian: Malcolm (Jurassic Park) and McKellen
72.1%
Andy: (Toy Story) and Serkis
71%
Peter: Venkman (Ghostbusters) and Dinklage
70.9%

You're not logged in!

Compare scores with friends on all Sporcle quizzes.
OR
Log In

You Might Also Like...

Show Comments

Extras

Top Quizzes Today


Score Distribution

Your Account Isn't Verified!

In order to create a playlist on Sporcle, you need to verify the email address you used during registration. Go to your Sporcle Settings to finish the process.

Report this User

Report this user for behavior that violates our Community Guidelines.

Details: